Spätná väzba pri vzdelávaní
Trvalé zanedbávanie vplyvu faktora spätnej väzby nariadenie vlastného procesu učenia, ale tiež na rezervy v procese organizácie a riadenie vysokoškolského vzdelávania. Riadenie procesov všeobecne. Cieľové riadenie. Spätná väzba.
Uložené v:
| Hlavný autor: | |
|---|---|
| Médium: | Kapitola |
| Jazyk: | Slovak |
| Predmet: | |
| Tagy: |
Žiadne tagy, Buďte prvý, kto otaguje tento záznam!
|
MARC
| LEADER | 00000naa$a2200000$$$4500 | ||
|---|---|---|---|
| 001 | 0091201 | ||
| 005 | 20231114072730.4 | ||
| 041 | 0 | |a slo | |
| 044 | |a SK | ||
| 245 | 1 | 0 | |a Spätná väzba pri vzdelávaní |c Anton Vrban |
| 520 | |a Trvalé zanedbávanie vplyvu faktora spätnej väzby nariadenie vlastného procesu učenia, ale tiež na rezervy v procese organizácie a riadenie vysokoškolského vzdelávania. Riadenie procesov všeobecne. Cieľové riadenie. Spätná väzba. | ||
| 610 | 2 | 0 | |a školy vysoké |
| 610 | 2 | 0 | |a vzdelávanie |
| 610 | 2 | 0 | |a väzba spätná |
| 610 | 2 | 0 | |a proces učenia sa |
| 100 | 1 | |a Vrban, Anton | |